[Event "Quebec-ch qual U1600"]
[Site "Montreal"]
[Date "2005.10.08"]
[Round "1"]
[White "Bergeron, Roland"]
[Black "Deljanin, Dzavid"]
[Result "0-1"]
[WhiteElo "1566"]
[BlackElo "1452"]
[PlyCount "72"]
[EventDate "2005.10.08"]
[EventType "swiss"]
[EventRounds "3"]
[EventCountry "CAN"]
[SourceTitle "EXT 2009"]
[Source "ChessBase"]
[SourceDate "2008.11.26"]
[SourceVersion "1"]
[SourceVersionDate "2008.11.26"]
[SourceQuality "1"]

1. d4 d5 2. c4 e6 3. Nf3 Be7 4. Nc3 Nc6 5. cxd5 exd5 6. Bf4 a6 7. e3 Nf6 8. Bd3 Bg4 9. 0-0 b5 10. Rc1 Na5 11. Na4 c6 12. Nc5 Nh5 13. h3 Nxf4 14. exf4 Bxf3 15. Qxf3 Bf6 16. Rfe1+ Kf8 17. Qe3 g6 18. f5 Kg7 19. fxg6 hxg6 20. f4 Ra7 21. Kf1 Nc4 22. Qf2 Qd6 23. Bxc4 bxc4 24. b3 Rh4 25. g3 Rxh3 26. bxc4 g5 27. Kg2 Rh8 28. cxd5 Qxd5+ 29. Re4 Re7 30. Rce1 Rxe4 31. Rxe4 g4 32. Qe2 Qh5 33. Qe1 Qh2+ 34. Kf1 Rh3 35. Nd3 Qh1+ 36. Kf2 Qf3+ 0-1